Famous Instrument Players - Statistics

General Stats
  • This quiz has been taken 3 times
  • The average score is 4 of 12
Answer Stats
Hint Answer % Correct
Sherlock Holmes Violin
100%
Ringo Starr Drums
67%
B.B. King Guitar (Lucille)
67%
Squidward Tentacles Clarinet
33%
Nero (apparently..) Fiddle
33%
Pan Flute
33%
John Coltrane Saxophone
33%
Steve Urkel Accordion
0%
Pete Seeger Banjo
0%
Bragi Harp
0%
Orpheus Lyre
0%
PaRappa the Rapper Voice
0%
No matching quizzes found
Score Distribution
Percent of People with Each Score
Percentile by Number Answered
Your Score History
You have not taken this quiz